El futuro del acceso de banda ancha

সংরক্ষণ করুন:
গ্রন্থ-পঞ্জীর বিবরন
প্রধান লেখক: Goldoni García, Luis Diego
বিন্যাস: গ্রন্থ
প্রকাশিত: [San José, Costa Rica] 2008
বিষয়গুলি:
ট্যাগগুলো: ট্যাগ যুক্ত করুন
কোনো ট্যাগ নেই, প্রথমজন হিসাবে ট্যাগ করুন!

MARC

LEADER 00000nam a2200000Ia 4500
003 001332
005 20221231144050.0
008 140114s2008 cr a 000 ||s d
040 |c cru CEDI  
090 |a TFG 5855 
100 |a Goldoni García, Luis Diego   |9 2537 
245 |a El futuro del acceso de banda ancha 
260 |c 2008  |b [San José, Costa Rica] 
300 |a xiii, 103 hojas; ilustraciones 
500 |a Proyecto de graduación (bachiller en ingeniería electrica)--Universidad de Costa Rica. Facultad de Ingeniería. Escuela de Ingeniería Eléctrica 
650 |x REDES DE BANDA ANCHA  |x  REDES DE TELECOMUNICACIONES  |x  ELECTRONICA DIGITAL   |x  SISTEMAS DE TRANSMISION DE DATOS   |9 3857 
942 |c TFG 
999 |c 16381  |d 16381